Московский альманах. 2 (Запись № 13481553)

Подробности
000 -МАРКЕР
контрольное поле 01666nam2a22003251 4500
001 - ИДЕНТИФИКАТОР ЗАПИСИ
контрольное поле RU\NLR\A1SV\59889
005 - ИДЕНТИФИКАТОР ВЕРСИИ
контрольное поле 20251203152403.2
035 ## - ДРУГИЕ СИСТЕМНЫЕ НОМЕРА
Идентификатор записи (NLR Aleph) 009741845
100 ## - ДАННЫЕ ОБЩЕЙ ОБРАБОТКИ
Данные общей обработки 20081219d1923 u y0rusy50 ca
101 0# - ЯЗЫК РЕСУРСА
Язык текста, звукозаписи и т.д. русский
200 0# - ЗАГЛАВИЕ И СВЕДЕНИЯ ОБ ОТВЕТСТВЕННОСТИ
Основное заглавие 2
210 ## - ПУБЛИКАЦИЯ, РАСПРОСТРАНЕНИЕ И ДР.
Дата издания, распространения и т.д. 1923
215 ## - ФИЗИЧЕСКАЯ ХАРАКТЕРИСТИКА
Специфическое обозначение материала и объем 119 с.
327 1# - ПРИМЕЧАНИЯ О СОДЕРЖАНИИ
Текст примечания Стихи: Вячеслав Иванов, К.Бальмонт, Мих.Герасимов
-- Проза: Крестики / А.Ремизов
-- Татарские серьги / Б.Пильняк
-- Васса / С.Григорьев
-- Зоренька / Н.Телешов
-- Туман / С.Елпатьевский
-- Суд / С.Анисимов
461 #1 - УРОВЕНЬ НАБОРА
Встроенное поле 001RU\NLR\A1SV\59887
-- 2000#$aМосковский альманах$v2
Системный номер (АБИС) связанной записи 9946657
Место публикации М.
Дата публикации 1922-1923
Имя издателя, распространителя и т.д. Кн-во писателей в Москве
Заглавие Московский альманах
Номер тома 2
702 #1 - ИМЯ ЛИЦА - ВТОРИЧНАЯ ОТВЕТСТВЕННОСТЬ
Начальный элемент ввода Иванов
Часть имени, кроме начального элемента ввода В. И.
Даты 1866-1949
Расширение инициалов личного имени Вячеслав Иванович
702 #1 - ИМЯ ЛИЦА - ВТОРИЧНАЯ ОТВЕТСТВЕННОСТЬ
Начальный элемент ввода Бальмонт
Часть имени, кроме начального элемента ввода К. Д.
Даты 1867-1942
Расширение инициалов личного имени Константин Дмитриевич
702 #1 - ИМЯ ЛИЦА - ВТОРИЧНАЯ ОТВЕТСТВЕННОСТЬ
Начальный элемент ввода Герасимов
Часть имени, кроме начального элемента ввода М.
Расширение инициалов личного имени Мих.
702 #1 - ИМЯ ЛИЦА - ВТОРИЧНАЯ ОТВЕТСТВЕННОСТЬ
Начальный элемент ввода Ремизов
Часть имени, кроме начального элемента ввода А. М.
Даты 1877-1957
Расширение инициалов личного имени Алексей Михайлович
702 #1 - ИМЯ ЛИЦА - ВТОРИЧНАЯ ОТВЕТСТВЕННОСТЬ
Начальный элемент ввода Пильняк
Часть имени, кроме начального элемента ввода Б. А.
Даты 1894-1938
Расширение инициалов личного имени Борис Андреевич
702 #1 - ИМЯ ЛИЦА - ВТОРИЧНАЯ ОТВЕТСТВЕННОСТЬ
Начальный элемент ввода Григорьев
Часть имени, кроме начального элемента ввода С.
702 #1 - ИМЯ ЛИЦА - ВТОРИЧНАЯ ОТВЕТСТВЕННОСТЬ
Код отношения Автор
Графика поля Кириллица
Материалы, к которым относится поле rus
Начальный элемент ввода Телешов
Часть имени, кроме начального элемента ввода Н. Д.
Даты 1867-1957
Расширение инициалов личного имени Николай Дмитриевич
Системный номер авторитетной/нормативной записи 39514
Идентификатор авторитетной/нормативной записи RU\NLR\auth\7756582
702 #1 - ИМЯ ЛИЦА - ВТОРИЧНАЯ ОТВЕТСТВЕННОСТЬ
Начальный элемент ввода Елпатьевский
Часть имени, кроме начального элемента ввода С. Я.
Даты 1854-1933
Расширение инициалов личного имени Сергей Яковлевич
801 #0 - ИСТОЧНИК ЗАПИСИ
Страна Российская Федерация
Организация NLR
Дата составления 20081219
852 ## - МЕСТОНАХОЖДЕНИЕ И ШИФР ХРАНЕНИЯ
Идентификатор организации NLR
Шифр хранения (Call Number) 38.29.8.46-1-2
942 ## - ДОПОЛНИТЕЛЬНЫЕ ЭЛЕМЕНТЫ ЗАПИСИ (АБИС)
Тип экземпляра АБИС Книга
980 ## - КОЛЛЕКЦИЯ
Название коллекции Международный сводный каталог русской книги (1918-1926)
980 ## - КОЛЛЕКЦИЯ
Название коллекции Национальная библиография

Нет доступных экземпляров.